[Event "ICS rated standard match"]
[Site "204.178.125.65"]
[Date "2000.12.16"]
[Round "?"]
[White "tartaruga"]
[Black "Hossa"]
[Result "1-0"]
[WhiteElo "2413"]
[BlackElo "2335"]
[PlyCount "139"]
[EventDate "2000.??.??"]

1. e4 c5 2. Ne2 Nf6 3. e5 Ng4 4. d4 cxd4 5. Qxd4 d6 6. exd6 e5 7. Qd2 Bxd6 8.
Ng3 O-O 9. Ne4 Be7 10. Nbc3 Nc6 11. Bc4 Bf5 12. O-O Nd4 13. Bd5 Bb4 14. Qg5 Qd7
15. f3 Be7 16. Qd2 Nf6 17. Nxf6+ Bxf6 18. Be4 Bd8 19. Rd1 Bb6 20. Kh1 Bxe4 21.
fxe4 f5 22. Qd3 Qc6 23. exf5 Rae8 24. Be3 e4 25. Qd2 Nxf5 26. Bxb6 Qxb6 27. Rf1
Re6 28. Qd5 Ne3 29. Rxf8+ Kxf8 30. Qh5 Kg8 31. Re1 Nxc2 32. Rc1 g6 33. Qh3 Nb4
34. Rd1 Qc6 35. Rd8+ Re8 36. Rxe8+ Qxe8 37. Qe3 Qf7 38. h3 b6 39. Nxe4 Qxa2 40.
Nd6 Nd5 41. Qe8+ Kg7 42. Qf7+ Kh6 43. Qf8+ Kh5 44. Qg7 Ne3 45. Qxh7+ Kg5 46.
Qe7+ Kf4 47. Qe4+ Kg5 48. Qe5+ Kh6 49. Qh8+ Kg5 50. h4+ Kg4 51. Qd4+ Kh5 52.
Qxe3 Qa5 53. Ne4 g5 54. Qf3+ Kg6 55. Qf6+ Kh5 56. Kh2 Qd5 57. Qg7 Kxh4 58. Qh6+
Kg4 59. Nf6+ Kf5 60. Nxd5 a6 61. Qf6+ Ke4 62. Nxb6 g4 63. Qe6+ Kd3 64. Qc4+ Ke3
65. Nd5+ Kd2 66. Qc3+ Kd1 67. Nb4 Ke2 68. Kg3 a5 69. Qd3+ Ke1 70. Nc2# {
Hossa checkmated} 1-0

[Event "ICS rated blitz match"]
[Site "204.178.125.65"]
[Date "2000.12.16"]
[Round "?"]
[White "Cedars"]
[Black "Hossa"]
[Result "0-1"]
[WhiteElo "1923"]
[BlackElo "2563"]
[PlyCount "46"]
[EventDate "2000.??.??"]

1. e4 e6 2. d4 d5 3. Nc3 Bb4 4. Nge2 dxe4 5. a3 Be7 6. Nxe4 Nd7 7. b4 Ngf6 8.
N4g3 a5 9. Bd2 axb4 10. axb4 Rxa1 11. Qxa1 h5 12. Nc1 h4 13. Nge2 Ne4 14. c3
Nxd2 15. Kxd2 e5 16. Kc2 O-O 17. Nd3 e4 18. Ndf4 Nb6 19. Qa5 g5 20. g3 gxf4 21.
gxf4 Qd5 22. Rg1+ Kh8 23. b5 Bh3 {Cedars resigns} 0-1

[Event "ICS rated blitz match"]
[Site "204.178.125.65"]
[Date "2000.12.16"]
[Round "?"]
[White "PostModernist"]
[Black "Hossa"]
[Result "0-1"]
[WhiteElo "2643"]
[BlackElo "2564"]
[PlyCount "140"]
[EventDate "2000.??.??"]

1. e4 c6 2. d4 d5 3. Nc3 dxe4 4. Nxe4 Nd7 5. Nf3 Ngf6 6. Nxf6+ exf6 7. Bd3 Nb6
8. Qe2+ Be7 9. O-O O-O 10. Re1 Re8 11. Qe4 f5 12. Qe5 Bd7 13. Qg3 Be6 14. Bh6
Bf6 15. c3 Na4 16. Re2 Bd5 17. Ne5 Re6 18. Nc4 Rxe2 19. Bxe2 Bxc4 20. Bxc4 Nxb2
21. Bb3 Qe7 22. Rf1 Rc8 23. Bc2 Qe6 24. Bc1 Qxa2 25. Qf3 g6 26. Bxf5 gxf5 27.
Qxf5 Qe6 28. Qxe6 fxe6 29. Bxb2 c5 30. dxc5 Rxc5 31. Rc1 Rd5 32. Ba1 Rd2 33. c4
Kf7 34. f4 h5 35. g3 Be7 36. Bc3 Ra2 37. Rb1 Rc2 38. Bb4 Bxb4 39. Rxb4 b6 40.
Rb5 h4 41. Rh5 hxg3 42. hxg3 Kg6 43. Re5 Kf6 44. Rh5 Rxc4 45. Kf2 a6 46. Rh6+
Kf5 47. Rh5+ Kg6 48. Rg5+ Kf7 49. Ke3 Rc3+ 50. Kd4 Rc1 51. Rh5 Rg1 52. Rh3 Ke7
53. Ke5 Re1+ 54. Kd4 Kd6 55. g4 Ra1 56. Rd3 Rg1 57. Ke4+ Kc5 58. g5 Re1+ 59.
Re3 Rxe3+ 60. Kxe3 Kd6 61. Kd3 b5 62. Kd4 a5 63. Kc3 Ke7 64. Kb2 Kf7 65. Kc3 a4
66. Kb4 Kg6 67. Kc3 e5 68. f5+ Kxg5 69. f6 b4+ 70. Kc4 Kxf6 {
PostModernist resigns} 0-1

[Event "ICS rated standard match"]
[Site "204.178.125.65"]
[Date "2000.12.16"]
[Round "?"]
[White "Hossa"]
[Black "BOXERMA"]
[Result "1-0"]
[WhiteElo "2323"]
[BlackElo "1942"]
[PlyCount "21"]
[EventDate "2000.??.??"]

1. e4 c5 2. Ne2 Nf6 3. e5 Nd5 4. d4 cxd4 5. Nxd4 e6 6. c4 Nb6 7. Nb5 Nc6 8.
Nd6+ Bxd6 9. exd6 Qh4 10. Na3 a6 11. Qb3 {BOXERMA resigns} 1-0

[Event "ICS rated standard match"]
[Site "204.178.125.65"]
[Date "2000.12.16"]
[Round "?"]
[White "BOXERMA"]
[Black "Hossa"]
[Result "1/2-1/2"]
[WhiteElo "1939"]
[BlackElo "2326"]
[PlyCount "146"]
[EventDate "2000.??.??"]

1. e4 e6 2. d4 d5 3. Nd2 c5 4. exd5 exd5 5. Bb5+ Bd7 6. Qe2+ Qe7 7. Bxd7+ Nxd7
8. dxc5 Nxc5 9. Nb3 Qxe2+ 10. Nxe2 Nxb3 11. axb3 Bc5 12. Bd2 Nf6 13. Bc3 Ne4
14. Bd4 Bxd4 15. Nxd4 Kd7 16. O-O Rhe8 17. Rfe1 Nf6 18. Rxe8 Rxe8 19. Kf1 a6
20. Re1 Re4 21. c3 g6 22. f3 Rxe1+ 23. Kxe1 Kd6 24. Ke2 h6 25. Ke3 Nd7 26. b4
Ne5 27. b3 Nd7 28. Kf4 Nf6 29. g4 Nd7 30. h4 Ke7 31. Ne2 Ke6 32. Nd4+ Kd6 33.
Ne2 b6 34. Nd4 b5 35. Ne2 Nf6 36. Nd4 Ng8 37. Ne2 Ne7 38. Nd4 f6 39. Ne2 g5+
40. hxg5 hxg5+ 41. Ke3 f5 42. Nd4 fxg4 43. fxg4 Ng8 44. Nf3 Nf6 45. Nxg5 Nxg4+
46. Kd4 Ne5 47. Ke3 Nc6 48. Nf3 Kd7 49. Nd4 Ne7 50. Kf4 Kd6 51. Nf5+ Nxf5 52.
Kxf5 d4 53. Ke4 dxc3 54. Kd3 Ke5 55. Kxc3 Ke4 56. Kd2 Kd4 57. Kc2 Kd5 58. Kd3
Kc6 59. Ke4 Kd7 60. Kd5 Kc7 61. Kc5 Kb7 62. Kd5 Kb6 63. Kd6 a5 64. bxa5+ Kxa5
65. Kc5 Ka6 66. b4 Ka7 67. Kxb5 Kb7 68. Kc5 Kc7 69. b5 Kb7 70. b6 Kb8 71. Kb5
Kb7 72. Kc5 Kb8 73. Kb5 Kb7 {Game drawn by mutual agreement} 1/2-1/2

[Event "ICS rated blitz match"]
[Site "204.178.125.65"]
[Date "2000.12.16"]
[Round "?"]
[White "Hossa"]
[Black "McDogfood"]
[Result "1-0"]
[WhiteElo "2584"]
[BlackElo "2112"]
[PlyCount "101"]
[EventDate "2000.??.??"]

1. e4 c5 2. Ne2 Nc6 3. d4 cxd4 4. Nxd4 Nf6 5. Nc3 e5 6. Ndb5 d6 7. Nd5 Nxd5 8.
exd5 Nb8 9. Be3 a6 10. Nc3 Be7 11. Be2 O-O 12. O-O f5 13. Na4 Nd7 14. c4 Rb8
15. Qb3 b6 16. Bd2 Bf6 17. Rac1 Qc7 18. Qc2 Nc5 19. Nc3 g6 20. b4 Nd7 21. Bh6
Re8 22. a4 Bb7 23. Qb2 e4 24. Qd2 Ne5 25. Rfe1 Rbc8 26. Nd1 Qf7 27. Nb2 Rc7 28.
Be3 Nd7 29. Bf4 Be5 30. Bxe5 Nxe5 31. Qh6 Rec8 32. Rb1 Qg7 33. Qe3 Nd7 34. f3
Re8 35. fxe4 Rxe4 36. Qd2 Rc8 37. Bf3 Re5 38. Rxe5 Nxe5 39. Be2 Re8 40. Qe3 Qc7
41. Rc1 Re7 42. Qd4 Nd7 43. Bf3 Qd8 44. Qf4 Nf6 45. Rf1 Ne4 46. g4 Bc8 47. gxf5
Bxf5 48. Nd1 Qe8 49. Ne3 Nd2 50. Nxf5 Nxf1 51. Nxe7+ {McDogfood resigns} 1-0

[Event "ICS rated blitz match"]
[Site "204.178.125.65"]
[Date "2000.12.16"]
[Round "?"]
[White "kako"]
[Black "Hossa"]
[Result "1/2-1/2"]
[WhiteElo "2123"]
[BlackElo "2588"]
[PlyCount "36"]
[EventDate "2000.??.??"]

1. e4 e6 2. d4 d5 3. Nc3 Bb4 4. e5 c5 5. a3 Bxc3+ 6. bxc3 Ne7 7. Qg4 O-O 8. Bd3
Nbc6 9. Nf3 Qb6 10. Bxh7+ Kxh7 11. Qh5+ Kg8 12. Ng5 Rd8 13. Qxf7+ Kh8 14. Qh5+
Kg8 15. Qf7+ Kh8 16. Qh5+ Kg8 17. Qf7+ Kh8 18. Qh5+ Kg8 {
Game drawn by repetition} 1/2-1/2

[Event "ICS rated standard match"]
[Site "204.178.125.65"]
[Date "2000.12.16"]
[Round "?"]
[White "Hossa"]
[Black "germanicus"]
[Result "0-1"]
[WhiteElo "2313"]
[BlackElo "2450"]
[PlyCount "80"]
[EventDate "2000.??.??"]

1. e4 e5 2. Nf3 Nf6 3. Nxe5 Qe7 4. d4 d6 5. Nf3 Nxe4 6. Be3 d5 7. c3 Qe6 8. Bd3
Bd6 9. O-O O-O 10. Nbd2 Qg6 11. Qc2 Bf5 12. Nh4 Qh5 13. Ndf3 Be6 14. c4 f5 15.
Qb3 dxc4 16. Bxc4 Bxc4 17. Qxc4+ Kh8 18. Qb3 Nc6 19. Rfe1 Nd8 20. d5 g5 21.
Bd4+ Kg8 22. Rac1 gxh4 23. Be5 h3 24. g3 Nf7 25. Bxd6 Nfxd6 26. Rxc7 f4 27. Rf1
fxg3 28. fxg3 Rf5 29. Qd1 Raf8 30. Qd4 Qg6 31. Rc2 Ng5 32. Rcc1 Nxf3+ 33. Rxf3
Rxf3 34. Qe5 Ne4 35. d6 Rf2 36. Qd5+ Qf7 37. Qxf7+ R8xf7 38. Rc8+ Kg7 39. Rg8+
Kxg8 40. d7 Rf1# {Hossa checkmated} 0-1

[Event "ICS rated blitz match"]
[Site "204.178.125.65"]
[Date "2000.12.16"]
[Round "?"]
[White "Hossa"]
[Black "PostModernist"]
[Result "1-0"]
[WhiteElo "2574"]
[BlackElo "2646"]
[PlyCount "113"]
[EventDate "2000.??.??"]

1. e4 e5 2. Nf3 Nc6 3. Bb5 a6 4. Ba4 Nf6 5. O-O Be7 6. Re1 b5 7. Bb3 O-O 8. c3
d6 9. h3 Nb8 10. d4 Nbd7 11. Nbd2 Bb7 12. Bc2 Re8 13. Nf1 Bf8 14. Ng3 g6 15.
Bg5 h6 16. Bd2 Bg7 17. Qc1 Kh7 18. Bd3 exd4 19. cxd4 c5 20. d5 Qe7 21. Ba5 Kg8
22. Rb1 c4 23. Bc2 Nc5 24. Qf4 Rab8 25. Rbd1 Nh7 26. Bb4 Bxb2 27. e5 Bxe5 28.
Nxe5 Qf6 29. Qxf6 Nxf6 30. Bxc5 dxc5 31. Ne4 Nxe4 32. Rxe4 Rbd8 33. Ng4 Rxe4
34. Nf6+ Kg7 35. Nxe4 Rxd5 36. Rxd5 Bxd5 37. Nxc5 b4 38. Nxa6 b3 39. axb3 cxb3
40. Bb1 Kf6 41. f4 b2 42. Nc5 Bc6 43. Ne4+ Kf5 44. Nc3+ Kxf4 45. Kf2 Ke5 46.
Nd1 f5 47. Nxb2 Kf6 48. Nc4 f4 49. Bxg6 Bxg2 50. Kxg2 Kxg6 51. Nb2 Kg5 52. Nd3
Kf5 53. Kf3 Kg5 54. Nxf4 Kh4 55. Kf2 Kg5 56. Kg3 Kf5 57. h4 {
PostModernist resigns} 1-0

[Event "ICS rated blitz match"]
[Site "204.178.125.65"]
[Date "2000.12.16"]
[Round "?"]
[White "PostModernist"]
[Black "Hossa"]
[Result "1-0"]
[WhiteElo "2627"]
[BlackElo "2593"]
[PlyCount "151"]
[EventDate "2000.??.??"]

1. e4 e5 2. Bc4 Nf6 3. d3 Nc6 4. Nf3 Bc5 5. c3 d6 6. O-O O-O 7. b4 Bb6 8. Qb3
Bg4 9. Ng5 Qd7 10. a4 a5 11. h3 Bh5 12. b5 Nd8 13. Nd2 h6 14. Ngf3 Ne6 15. Bb2
Nf4 16. Qd1 Nxh3+ 17. gxh3 Qxh3 18. d4 Nxe4 19. Be2 Qg4+ 20. Kh2 Qf4+ 21. Kh1
Nxd2 22. Nxd2 Bxe2 23. Qxe2 exd4 24. cxd4 Bxd4 25. Bxd4 Qxd4 26. Qe3 Qd5+ 27.
Nf3 Rfe8 28. Qf4 Re4 29. Qg3 Qh5+ 30. Nh2 Rh4 31. Rg1 g6 32. Rgc1 Rh3 33. Qg2
Rc8 34. Kg1 c6 35. Ng4 Kh8 36. Ne3 Rf3 37. bxc6 bxc6 38. Rab1 c5 39. Rb5 Ra8
40. Nc4 Rd8 41. Rxa5 Rd3 42. Ne3 Kg7 43. Ra7 Rd4 44. a5 Rb8 45. a6 Re8 46. Nf1
Qh4 47. Ng3 Qg5 48. Rb1 d5 49. Rc7 c4 50. a7 Rd3 51. Qh3 Ra3 52. Rbb7 Rf8 53.
Qe6 Rxg3+ 54. fxg3 Qxg3+ 55. Kf1 Qf3+ 56. Ke1 Qg3+ 57. Kd2 Qd3+ 58. Kc1 Qc3+
59. Kd1 Qd3+ 60. Ke1 Qg3+ 61. Ke2 Qg2+ 62. Ke3 Qg1+ 63. Kd2 Qd4+ 64. Ke2 Qd3+
65. Kf2 Qd4+ 66. Qe3 Qh4+ 67. Qg3 Qd4+ 68. Kg2 Kg8 69. Rb8 Qd2+ 70. Kh3 Qb4 71.
Rxb4 g5 72. Rb8 Kg7 73. Rxf8 Kxf8 74. Qf3 Kg7 75. Qxf7+ Kh8 76. a8=Q# {
Hossa checkmated} 1-0

[Event "ICS rated blitz match"]
[Site "204.178.125.65"]
[Date "2000.12.16"]
[Round "?"]
[White "Hossa"]
[Black "PostModernist"]
[Result "1-0"]
[WhiteElo "2579"]
[BlackElo "2643"]
[PlyCount "69"]
[EventDate "2000.??.??"]

1. e4 e5 2. Bc4 f5 3. d3 Nf6 4. f4 exf4 5. e5 Ng4 6. Bxf4 g5 7. Bc1 Be7 8. Qe2
Nc6 9. Nf3 Na5 10. h3 Nxc4 11. hxg4 fxg4 12. Nh2 Nb6 13. Nxg4 d5 14. Nf6+ Bxf6
15. exf6+ Kd7 16. Bxg5 h6 17. Bf4 Rf8 18. Rxh6 Rxf6 19. Rh7+ Kc6 20. Rxc7+ Qxc7
21. Bxc7 Kxc7 22. Qe7+ Nd7 23. Nc3 Kc6 24. b4 a6 25. a4 Rd6 26. b5+ Kc7 27. Qf7
b6 28. Nxd5+ Kb7 29. Nb4 axb5 30. Qf3+ Kb8 31. Qf4 Kc7 32. Nd5+ Kc6 33. Ne7+
Kc7 34. Nf5 Rxa4 35. Qxd6+ {PostModernist resigns} 1-0

[Event "ICS rated standard match"]
[Site "204.178.125.65"]
[Date "2000.12.16"]
[Round "?"]
[White "Hossa"]
[Black "Esen"]
[Result "1-0"]
[WhiteElo "2303"]
[BlackElo "1908"]
[PlyCount "38"]
[EventDate "2000.??.??"]

1. e4 c6 2. d4 d5 3. Nc3 dxe4 4. Nxe4 Nf6 5. Nxf6+ exf6 6. c3 Be7 7. Bd3 O-O 8.
Qc2 g6 9. Ne2 Re8 10. O-O Bg4 11. Re1 Bxe2 12. Rxe2 Bf8 13. Bf4 Rxe2 14. Qxe2
Qe7 15. Qxe7 Bxe7 16. Re1 Kf8 17. Bh6+ Ke8 18. g4 Na6 19. d5 Kd7 {Esen resigns}
1-0

[Event "ICS rated blitz match"]
[Site "204.178.125.65"]
[Date "2000.12.16"]
[Round "?"]
[White "VYCMATER"]
[Black "Hossa"]
[Result "0-1"]
[WhiteElo "2236"]
[BlackElo "2598"]
[PlyCount "111"]
[EventDate "2000.??.??"]

1. e4 e6 2. d4 d5 3. Nd2 c5 4. exd5 exd5 5. Ngf3 a6 6. Bd3 c4 7. Be2 Bd6 8. c3
Nf6 9. b3 cxb3 10. axb3 O-O 11. O-O Re8 12. Re1 Nc6 13. Bd3 Rxe1+ 14. Nxe1 Be6
15. Nef3 Qc7 16. Bb2 Re8 17. h3 Bf4 18. Bc2 Qd7 19. Ra3 Bf5 20. Bxf5 Qxf5 21.
Nf1 Ne4 22. Ra1 Qg6 23. N1d2 Nxd2 24. Nxd2 Qd3 25. Nf3 Qxd1+ 26. Rxd1 Na5 27.
g3 Bh6 28. b4 Nc4 29. Bc1 Bxc1 30. Rxc1 Re2 31. Kf1 Re7 32. Re1 Rxe1+ 33. Kxe1
Nd6 34. Ng1 g5 35. Ne2 b6 36. f4 f6 37. Kd2 a5 38. bxa5 bxa5 39. fxg5 fxg5 40.
Kc2 a4 41. Kb2 Nc4+ 42. Ka2 Kf7 43. Nc1 Ke6 44. Nd3 h5 45. Nc5+ Kf5 46. Nxa4 g4
47. h4 Ke4 48. Kb3 Kf3 49. Nb2 Nxb2 50. Kxb2 Kxg3 51. c4 Kf4 52. c5 Kf5 53. Kc3
g3 54. c6 Ke6 55. Kd2 g2 56. Ke2 {VYCMATER resigns} 0-1

[Event "ICS rated blitz match"]
[Site "204.178.125.65"]
[Date "2000.12.16"]
[Round "?"]
[White "Hossa"]
[Black "Younis-T"]
[Result "1-0"]
[WhiteElo "2602"]
[BlackElo "1994"]
[PlyCount "64"]
[EventDate "2000.??.??"]

1. e4 d6 2. d4 Nf6 3. Nc3 g6 4. Bg5 Bg7 5. Nf3 O-O 6. Bc4 Nxe4 7. Nxe4 d5 8.
Bd3 dxe4 9. Bxe4 c5 10. c3 cxd4 11. Nxd4 Qa5 12. Nf3 Nc6 13. Bxc6 bxc6 14. O-O
Re8 15. Re1 Bg4 16. Rxe7 Bxf3 17. Qxf3 Rxe7 18. Bxe7 Re8 19. Ba3 Qb5 20. Rd1
Qc4 21. g3 h5 22. Bb4 Re2 23. b3 Qe6 24. Rd8+ Kh7 25. Rd6 Qe8 26. Qxc6 Qe5 27.
Qf3 Re1+ 28. Kg2 h4 29. Qxf7 h3+ 30. Kxh3 Qh5+ 31. Kg2 Qe2 32. Qxg6+ Kg8 {
Younis-T resigns} 1-0

[Event "ICS rated blitz match"]
[Site "204.178.125.65"]
[Date "2000.12.16"]
[Round "?"]
[White "QuarkX"]
[Black "Hossa"]
[Result "1-0"]
[WhiteElo "2449"]
[BlackElo "2614"]
[PlyCount "137"]
[EventDate "2000.??.??"]

1. d4 d5 2. c4 c6 3. Nf3 Nf6 4. Qb3 dxc4 5. Qxc4 Bf5 6. Nc3 e6 7. Qb3 b6 8. e3
Bd6 9. Be2 O-O 10. O-O Qc7 11. Qc4 b5 12. Qb3 Nbd7 13. Bd2 b4 14. Na4 Rab8 15.
Rfc1 Be4 16. h4 Rfd8 17. Ng5 Bd5 18. Qd3 Bh2+ 19. Kh1 h6 20. Nf3 Ng4 21. Be1
Ndf6 22. Nc5 Bxf3 23. Bxf3 Ne5 24. Qd1 b3 25. Na6 Qb7 26. Be2 Ra8 27. Kxh2 bxa2
28. Rxa2 Ned7 29. Qa4 Rdc8 30. Bf3 Nd5 31. Kg1 N7b6 32. Qa3 Nf6 33. Qd6 Ne8 34.
Qc5 Nd5 35. Nb4 Nxb4 36. Bxb4 Rab8 37. Ra4 a5 38. Ba3 Nf6 39. Bxc6 Qb6 40. Qxb6
Rxb6 41. Rac4 g5 42. hxg5 hxg5 43. Kh2 Kg7 44. Kg3 Kg6 45. Kf3 Rh8 46. Ba4 g4+
47. Kf4 Rh4 48. Rc8 Nh5+ 49. Ke5 f6+ 50. Ke4 Ng7 51. R1c7 Rh7 52. Rg8 Rb4 53.
Bd7 g3 54. Bxe6 Kh6 55. Rc1 Rb5 56. d5 gxf2 57. Rh1+ Kg5 58. Rxh7 Rb7 59. Rh1
f5+ 60. Ke5 Kg4 61. Bxf5+ Kg3 62. Be4 f1=Q 63. Rxf1 a4 64. Rh8 Nh5 65. Rxh5 Ra7
66. Rg5+ Kh2 67. g3 Re7+ 68. Bxe7 a3 69. Rh1# {Hossa checkmated} 1-0

[Event "ICS rated standard match"]
[Site "204.178.125.65"]
[Date "2000.12.16"]
[Round "?"]
[White "spunik"]
[Black "Hossa"]
[Result "0-1"]
[WhiteElo "1902"]
[BlackElo "2306"]
[PlyCount "33"]
[EventDate "2000.??.??"]

1. e4 e6 2. d4 d5 3. Nd2 c5 4. f4 dxe4 5. Nxe4 Qxd4 6. Qxd4 cxd4 7. Nf3 Nc6 8.
Bb5 Bd7 9. O-O O-O-O 10. Rd1 Nb4 11. Bxd7+ Rxd7 12. Nxd4 Nxc2 13. Nxc2 Rxd1+
14. Kf2 Nf6 15. Nxf6 gxf6 16. Be3 Rxa1 17. Nxa1 {spunik resigns} 0-1

[Event "ICS rated standard match"]
[Site "204.178.125.65"]
[Date "2000.12.16"]
[Round "?"]
[White "megacapa"]
[Black "Hossa"]
[Result "0-1"]
[WhiteElo "2022"]
[BlackElo "2309"]
[PlyCount "112"]
[EventDate "2000.??.??"]

1. e4 e6 2. d4 d6 3. f4 d5 4. e5 c5 5. c3 cxd4 6. cxd4 Nc6 7. Nf3 Nh6 8. Be3
Qb6 9. Qd2 Ng4 10. Bg1 Bb4 11. Nc3 Bd7 12. Rc1 Rc8 13. a3 Be7 14. Na4 Qd8 15.
Nc5 Bxc5 16. dxc5 f6 17. h3 Nh6 18. Bd3 O-O 19. Bf2 fxe5 20. fxe5 Qc7 21. Qe2
Nf7 22. Bg3 b6 23. O-O bxc5 24. Qc2 h6 25. Qxc5 Qb7 26. Qe3 Qb6 27. Qxb6 axb6
28. Rfe1 g5 29. Bf2 Rb8 30. b4 h5 31. g4 Ra8 32. Ra1 hxg4 33. hxg4 Nh6 34. Nh2
Rf4 35. Be3 Nxe5 36. Bxf4 Nxd3 37. Bxg5 Nxe1 38. Rxe1 Nf7 39. Bc1 e5 40. g5 e4
41. Nf1 Ne5 42. Rd1 Nd3 43. Be3 b5 44. Ng3 Bg4 45. Rf1 Rxa3 46. Bd4 Nxb4 47.
Nf5 Bxf5 48. Rxf5 Rd3 49. Bf6 Nc2 50. Re5 Kf7 51. Re7+ Kg6 52. Rg7+ Kf5 53. Rf7
b4 54. Bd8+ Ke6 55. Re7+ Kd6 56. Rb7 e3 {megacapa resigns} 0-1

[Event "ICS rated standard match"]
[Site "204.178.125.65"]
[Date "2000.12.16"]
[Round "?"]
[White "Hossa"]
[Black "megacapa"]
[Result "1-0"]
[WhiteElo "2314"]
[BlackElo "2017"]
[PlyCount "24"]
[EventDate "2000.??.??"]

1. e4 e5 2. Bc4 Nf6 3. d3 Nc6 4. Nf3 Be7 5. O-O d6 6. Bd2 O-O 7. Bb3 h6 8. Kh1
Re8 9. Be3 Bf8 10. c3 g6 11. Na3 Bg7 12. Qc1 Kh7 {megacapa resigns} 1-0

[Event "ICS rated standard match"]
[Site "204.178.125.65"]
[Date "2000.12.16"]
[Round "?"]
[White "kingrik"]
[Black "Hossa"]
[Result "1-0"]
[WhiteElo "2466"]
[BlackElo "2319"]
[PlyCount "101"]
[EventDate "2000.??.??"]

1. e4 e6 2. d4 d5 3. e5 c5 4. c3 Nc6 5. Nf3 Bd7 6. dxc5 Bxc5 7. b4 Be7 8. Bf4
g5 9. Bg3 h5 10. h3 a5 11. b5 Na7 12. a4 Nh6 13. Nd4 h4 14. Bh2 f5 15. exf6
Bxf6 16. Be2 Nf7 17. Bg4 Qe7 18. O-O Nc8 19. Re1 e5 20. Bxd7+ Qxd7 21. Bxe5
Bxe5 22. Nf3 Qe7 23. Ra2 Rh6 24. Nxe5 Re6 25. Qh5 Rh6 26. Qxf7+ Qxf7 27. Nxf7+
Kxf7 28. Rae2 Rd6 29. Nd2 Nb6 30. Re7+ Kf6 31. Rxb7 Nxa4 32. c4 Nc5 33. Rh7 Kg6
34. Rc7 Nd3 35. Re3 Nf4 36. c5 Rf6 37. b6 Kh6 38. b7 Rb8 39. c6 d4 40. Rb3 Rff8
41. Rd7 a4 42. Rb6 Ng6 43. c7 a3 44. cxb8=Q Rxb8 45. Nf3 Rg8 46. Ne5 g4 47.
b8=Q Kg5 48. Rxg6+ Rxg6 49. Nf7+ Kh5 50. Qe5+ Rg5 51. Qxg5# {Hossa checkmated}
1-0

[Event "ICS rated blitz match"]
[Site "204.178.125.65"]
[Date "2000.12.17"]
[Round "?"]
[White "PostModernist"]
[Black "Hossa"]
[Result "0-1"]
[WhiteElo "2606"]
[BlackElo "2591"]
[PlyCount "120"]
[EventDate "2000.??.??"]

1. e4 e6 2. d4 d5 3. exd5 exd5 4. Bd3 Bd6 5. c3 Nf6 6. Nf3 Qe7+ 7. Be3 Ng4 8.
Qe2 O-O 9. Bg5 Qxe2+ 10. Bxe2 Re8 11. h3 f6 12. Bd2 Nh6 13. Bxh6 gxh6 14. Nbd2
Bf5 15. Kf1 Nd7 16. g4 Bc2 17. c4 c6 18. cxd5 cxd5 19. Bb5 Red8 20. Rc1 Bg6 21.
Rg1 Nb6 22. Kg2 Bf4 23. Rge1 h5 24. Kg1 a6 25. Be2 Re8 26. Bf1 hxg4 27. hxg4 h5
28. gxh5 Bxh5 29. Rb1 Bg6 30. Rbc1 Kh8 31. Red1 Bh5 32. Rc3 Na4 33. Rb3 Rg8+
34. Bg2 Nxb2 35. Rxb2 Bxd2 36. Rb3 Bf4 37. Re1 b5 38. Nh4 Rg5 39. Rh3 Kg7 40.
Re7+ Kf8 41. Rh7 Kg8 42. Ng6 Kxh7 43. Nxf4 Kh6 44. Nxd5 Rd8 45. Nxf6 Rxd4 46.
Kh1 Kg6 47. Nxh5 Rxh5 48. Rxh5 Kxh5 49. Bb7 a5 50. Kg2 Rd2 51. Bc6 Rxa2 52.
Be8+ Kg5 53. Kf3 b4 54. Bf7 b3 55. Ke3 Ra1 56. Bg8 b2 57. Bh7 b1=Q 58. f4+ Kh6
59. Bg8 Qe1+ 60. Kd4 Rd1+ {PostModernist resigns} 0-1

[Event "ICS rated blitz match"]
[Site "204.178.125.65"]
[Date "2000.12.17"]
[Round "?"]
[White "Hossa"]
[Black "Themanfromrio"]
[Result "1-0"]
[WhiteElo "2608"]
[BlackElo "1957"]
[PlyCount "46"]
[EventDate "2000.??.??"]

1. e4 e6 2. d4 d5 3. Nd2 Nc6 4. Ngf3 Nf6 5. e5 Nd7 6. Be2 f6 7. exf6 Qxf6 8.
Nb3 Bd6 9. O-O O-O 10. Be3 a5 11. a4 Nb6 12. c3 Bd7 13. Re1 h6 14. Nc5 Bxc5 15.
dxc5 Nc8 16. Qb3 Rb8 17. Bd3 N8e7 18. Bd4 Nxd4 19. cxd4 Nf5 20. Bxf5 Qxf5 21.
Qc3 Be8 22. Re5 Qf6 23. Qxa5 Bh5 {Themanfromrio resigns} 1-0

[Event "ICS rated blitz match"]
[Site "204.178.125.65"]
[Date "2000.12.17"]
[Round "?"]
[White "Themanfromrio"]
[Black "Hossa"]
[Result "0-1"]
[WhiteElo "1956"]
[BlackElo "2609"]
[PlyCount "76"]
[EventDate "2000.??.??"]

1. e4 e6 2. d4 d5 3. exd5 exd5 4. Nf3 Bd6 5. Bd3 Nc6 6. c3 Nf6 7. Qe2+ Qe7 8.
Qxe7+ Nxe7 9. Bg5 Ne4 10. Bh4 Ng6 11. Bg3 Nxg3 12. hxg3 O-O 13. Ng5 Re8+ 14.
Kf1 h6 15. Nf3 Bg4 16. Nbd2 c6 17. Re1 b6 18. Nh4 Rxe1+ 19. Kxe1 Re8+ 20. Kf1
Nxh4 21. Rxh4 h5 22. Nf3 g6 23. Be2 Bf5 24. Ne1 Kg7 25. Bd1 Bb1 26. a3 Bf5 27.
Be2 b5 28. Nf3 a5 29. Ke1 Bd3 30. Ng1 Be4 31. Nf3 b4 32. axb4 axb4 33. Kd2
bxc3+ 34. bxc3 Ra8 35. Rh1 Ra2+ 36. Ke3 Rc2 37. Ra1 Rxc3+ 38. Kd2 Bb4 {
Themanfromrio resigns} 0-1

[Event "ICS rated blitz match"]
[Site "204.178.125.65"]
[Date "2000.12.17"]
[Round "?"]
[White "Hossa"]
[Black "Themanfromrio"]
[Result "0-1"]
[WhiteElo "2610"]
[BlackElo "1955"]
[PlyCount "114"]
[EventDate "2000.??.??"]

1. e4 e6 2. d4 d5 3. Nd2 Nc6 4. Ngf3 Nf6 5. e5 Nd7 6. Be2 f6 7. exf6 Qxf6 8.
Nb3 Bd6 9. O-O O-O 10. Be3 b6 11. Bg5 Qf7 12. Bh4 h6 13. Bb5 Bb7 14. Qe2 a6 15.
Bxc6 Bxc6 16. Rfe1 Rae8 17. Qxa6 e5 18. dxe5 Nxe5 19. Nfd4 Ng6 20. Rxe8 Bxe8
21. Bg3 Bxg3 22. fxg3 Qf2+ 23. Kh1 c5 24. Nf3 Rxf3 25. gxf3 Qxf3+ 26. Kg1 Qe3+
27. Kf1 Bd7 28. Qe2 Bh3+ 29. Ke1 Qg5 30. Rd1 Bg4 31. Qe8+ Kh7 32. Rc1 Ne5 33.
Kf2 Qf5+ 34. Kg1 Qe4 35. Nd2 Nf3+ 36. Nxf3 Qxe8 37. Re1 Qb5 38. Ne5 Bf5 39. Nd3
Bxd3 40. cxd3 Qxb2 41. Re6 Qd4+ 42. Kg2 Qxd3 43. Rxb6 c4 44. Kh3 c3 45. Rc6
Qf5+ 46. Kg2 Qe4+ 47. Kh3 d4 48. Rc7 c2 49. Rc5 d3 50. a3 d2 51. Re5 Qxe5 52.
Kh4 Qg5+ 53. Kh3 d1=Q 54. Kg2 Qgg4 55. a4 Qde2+ 56. Kg1 Qd4+ 57. Kh1 c1=Q# {
Hossa checkmated} 0-1

[Event "ICS rated blitz match"]
[Site "204.178.125.65"]
[Date "2000.12.17"]
[Round "?"]
[White "Hossa"]
[Black "Themanfromrio"]
[Result "1/2-1/2"]
[WhiteElo "2579"]
[BlackElo "1968"]
[PlyCount "213"]
[EventDate "2000.??.??"]

1. e4 e6 2. d4 d5 3. Nd2 Nc6 4. Ngf3 Nf6 5. e5 Nd7 6. Be2 f6 7. exf6 Qxf6 8.
Nb3 Bd6 9. O-O O-O 10. Be3 b6 11. Bg5 Qf7 12. Bh4 h6 13. Bb5 Bb7 14. Qe2 a6 15.
Bxc6 Bxc6 16. Rfe1 Rae8 17. Qxa6 e5 18. dxe5 Nxe5 19. Nfd4 Ng6 20. Nxc6 Nxh4
21. Qf1 Qf4 22. g3 Nf3+ 23. Kh1 Rxe1 24. Qxe1 Qc4 25. Qc3 Qe2 26. Nbd4 Qxf2 27.
Nxf3 Rxf3 28. Qd4 Qxd4 29. Nxd4 Rf2 30. Rb1 Rd2 31. c3 c5 32. Nf5 Be5 33. Ne7+
Kf7 34. Nc8 b5 35. Na7 b4 36. Nc6 Bd6 37. a3 bxa3 38. bxa3 Ra2 39. Rd1 d4 40.
cxd4 cxd4 41. Rxd4 Bxa3 42. Ra4 Ra1+ 43. Kg2 Bb2 44. Rxa1 Bxa1 45. Kf3 Bf6 46.
Ke4 Ba1 47. Nb4 Bc3 48. Nd5 Ba1 49. h3 Bb2 50. Kf5 g6+ 51. Ke4 Bf6 52. g4 h5
53. gxh5 gxh5 54. Kf5 Bd8 55. Nf4 h4 56. Nd5 Kg7 57. Ne3 Bc7 58. Nc2 Bg3 59.
Nd4 Kh7 60. Ne6 Kh8 61. Kg6 Kg8 62. Nc5 Kh8 63. Nd7 Kg8 64. Nf6+ Kh8 65. Nd5
Kg8 66. Kg5 Kh8 67. Ne3 Kg8 68. Nf5 Kh8 69. Kg4 Kg8 70. Nd4 Kh8 71. Ne6 Kg8 72.
Nd8 Kh8 73. Nc6 Kg8 74. Kh5 Kh8 75. Nb4 Kg8 76. Nd3 Kh8 77. Nb2 Kg8 78. Kg4 Kh8
79. Nd3 Kg8 80. Nc5 Kh8 81. Ne4 Kg8 82. Nc3 Kh8 83. Kg5 Kg8 84. Ne4 Kh8 85. Nc5
Kg8 86. Kh5 Kh8 87. Ne6 Kg8 88. Nd4 Kh8 89. Nf5 Kg8 90. Ne3 Kh8 91. Kg4 Kg8 92.
Nd5 Kh8 93. Kh5 Kg8 94. Ne7+ Kh8 95. Kg5 Bf2 96. Kg4 Bg3 97. Ng6+ Kg8 98. Kg5
Kg7 99. Ne7 Kh8 100. Kg6 Bf2 101. Nf5 Bg3 102. Nd4 Be1 103. Nb3 Bg3 104. Kg5
Be1 105. Nc5 Bg3 106. Ne6 Be1 107. Kh5 {Game drawn by the 50 move rule} 1/2-1/2